Music Quiz

Random Music or Lyrics Quiz

'Changes' Lyrics Quiz Stats

 Plays Quiz Updated Jan 11, 2016

Challenge
Share
Tweet
Embed
Score 0/271 Timer 10:00
0 Plays Today
% Correct
change
95.8%
change
95.8%
change
95.8%
change
95.8%
change
95.8%
change
95.8%
the
93%
the
93%
the
93%
the
93%
the
93%
the
93%
the
93%
the
93%
the
93%
the
93%
the
93%
the
93%
the
93%
the
93%
the
93%
I
92.9%
I
92.9%
I
92.9%
I
92.9%
I
92.9%
I
92.9%
I
92.9%
I
92.9%
A
92.2%
a
92.2%
a
92.2%
a
92.2%
'n'
90.4%
Ch-ch-Changes
87.9%
Ch-ch-Changes
87.9%
Ch-ch-Changes
87.9%
Ch-ch-Changes
87.9%
Ch-ch-Changes
87.9%
Ch-ch-Changes
87.9%
Ch-ch-ch-ch-Changes
87.2%
Ch-ch-ch-ch-Changes
87.2%
Ch-ch-ch-ch-Changes
87.2%
Ch-ch-ch-ch-Changes
87.2%
Ch-ch-ch-ch-Changes
87.2%
Ch-ch-ch-ch-Changes
87.2%
changes
86.6%
And
86.3%
and
86.3%
and
86.3%
and
86.3%
And
86.3%
and
86.3%
and
86.3%
and
86.3%
and
86.3%
and
86.3%
and
85.9%
me
80.9%
me
80.9%
me
80.9%
me
80.9%
me
80.9%
time
80.9%
time
80.9%
Time
80.9%
time
80.9%
Time
80.9%
time
80.9%
Time
80.9%
time
80.9%
time
80.9%
time
80.9%
me
80.7%
to
78.1%
to
78.1%
to
78.1%
to
78.1%
to
78.1%
to
78.1%
to
78.1%
to
78.1%
face
77.9%
face
77.9%
face
77.9%
face
77.9%
face
77.9%
face
77.9%
face
77.9%
you
75.9%
you
75.9%
% Correct
you
75.9%
can't
75.2%
can't
75.2%
can't
75.2%
can't
75.2%
But
74.6%
But
74.6%
But
74.6%
But
74.6%
But
74.6%
But
74.6%
But
74.6%
(Turn
73%
(Turn
73%
(Turn
73%
(Turn
73%
(Turn
73%
(Turn
73%
be
66.3%
be
66.3%
may
64.1%
may
64.1%
may
64.1%
may
64.1%
what
62.8%
what
62.8%
for
61%
it
60.4%
It
60.4%
it
60.4%
it
60.4%
was
59.9%
was
59.9%
was
59.9%
on
59.5%
that
59%
that
59%
that
59%
don't
58.1%
Don't
58.1%
Don't
58.1%
strange)
57.2%
strange)
57.2%
strange)
57.2%
strange)
57.2%
Strange
57.2%
strange)
57.2%
strange)
57.2%
Of
57%
Of
57%
of
57%
of
57%
so
55.7%
So
55.7%
So
55.7%
know
55.3%
my
54.4%
my
54.4%
in
53.8%
man
53.6%
man
53.6%
your
51.3%
your
51.3%
are
50.6%
are
50.6%
they
50.4%
I'm
50%
I'm
50%
see
47.2%
goin'
46.6%
goin'
46.6%
not
46.1%
want
44.4%
too
43%
As
42.7%
take
40.8%
their
40.7%
their
40.7%
through
40.7%
through
40.7%
through
40.7%
never
39.9%
never
39.9%
Still
39.7%
still
39.7%
out
39%
out
39%
look
38.7%
waitin'
38.6%
how
38.5%
trace
38%
% Correct
trace
38%
trace
38%
trace
38%
try
37.5%
Ooh,
36.3%
They're
35.9%
they're
35.9%
have
35.5%
Ah,
35.2%
got
35.1%
children
34.7%
made
34%
these
33.9%
Oh,
33.6%
runnin'
33.2%
up
33.1%
up
33.1%
Rock
33.1%
sweet
32.5%
Every
32.4%
turned
32.1%
Mmm
31.8%
said
31.8%
spit
31.8%
richer
31.7%
seem
31.4%
you're
31.4%
glimpse
30.3%
myself
30.1%
thought
30.1%
wild
29.6%
dead-end
29.5%
I've
29.4%
I'd
29.4%
immune
29.1%
much
29%
aware
28.8%
taste
28.7%
get
28.6%
caught
28.5%
others
27.8%
them
27.8%
Rollers
27.6%
fascination,
27.5%
quite
27.3%
streets
26.5%
test
25.8%
now
25.8%
fast
25.6%
gonna
25.2%
gonna
25.2%
us
24.2%
different
24.2%
days
24.1%
days
24.1%
worlds
24%
seemed
23.9%
Just
23.5%
yeah
23.1%
yeah
23.1%
same
22.5%
our
22.3%
must
21.6%
consultations
21.5%
tell
21%
watch
20.8%
older
20.3%
ripples
19.3%
leave
19.2%
grow
19.1%
eyes
19.1%
faker
18.6%
stream
17.7%
million
17.7%
taking
17.6%
soon
17.4%
Oooh,
15.1%
size
15%
You've
14.9%
Pretty
14.8%
warm
13.7%
necks
12.3%
fascinating
12%
left
11.4%
float
11%
impermanence
10.3%
pace
9.6%
shame?
9.2%
Where's
9%

You're not logged in!

Compare scores with friends on all Sporcle quizzes.
OR
Log In

You Might Also Like...

Show Comments

Extras

Top Quizzes Today


Score Distribution

Your Account Isn't Verified!

In order to create a playlist on Sporcle, you need to verify the email address you used during registration. Go to your Sporcle Settings to finish the process.

Report this User

Report this user for behavior that violates our Community Guidelines.

Details: